Radiohead Band Members - Statistics

General Stats
  • This quiz has been taken 34 times
  • The average score is 4 of 5
Answer Stats
Hint Answer % Correct
Lead vocalist, rhythm guitarist Thom Yorke
100%
Lead guitarist, multi-instrumentalist Jonny Greenwood
93%
Bass guitarist Colin Greenwood
89%
Rhythm guitarist, background vocalist Ed O’Brien
75%
Drummer Philip Selway
50%
No matching quizzes found
Score Distribution
Percent of People with Each Score
Percentile by Number Answered
Your Score History
You have not taken this quiz